Fluent bodies: (Record no. 53102)

MARC details
000 -LEADER
fixed length control field 01104naa a2200241 4500
005 - DATE AND TIME OF LATEST TRANSACTION
control field 20110623140035.0
010 ## - LCCN (DPL NO)
LC control number B-430930
020 ## - INTERNATIONAL STANDARD BOOK NUMBER
International Standard Book Number 9780195670592
Terms of availability 625.00
035 ## - SYSTEM CONTROL NUMBER
System control number B-430930
037 ## - SOURCE OF ACQUISITION
Source of stock number/acquisition Oxford University Press
037 ## - SOURCE OF ACQUISITION
Source of stock number/acquisition Allied Pub/Ven
082 ## - DEWEY DECIMAL CLASSIFICATION NUMBER
Classification number 615.53
100 ## - MAIN ENTRY--PERSONAL NAME
Personal name Langford, Jean M.
245 ## - TITLE STATEMENT
Title Fluent bodies:
Remainder of title ayurvedic remedies for postcolonial imbalance /
Statement of responsibility, etc by Jean M. Langford
260 ## - PUBLICATION, DISTRIBUTION, ETC. (IMPRINT)
Place of publication, distribution, etc New Delhi
Name of publisher, distributor, etc Oxford University Press
Date of publication, distribution, etc 2004
270 ## - ADDRESS
Address YMCA Library Building, Jai Singh Road
City New Delhi
Postal code 110001
300 ## - PHYSICAL DESCRIPTION
Extent x, 311p
Dimensions 22cm (Hb)
Other physical details ill.
500 ## - GENERAL NOTE
General note Includes bibliographical references and index
942 ## - ADDED ENTRY ELEMENTS (KOHA)
Source of classification or shelving scheme Dewey Decimal Classification
Item type English Books
Call number suffix LAN
Classification part 615.53
Holdings
Withdrawn status Lost status Not for loan Home library Current library Date acquired Cost, normal purchase price Full call number Cost, replacement price Koha item type Collection code Source of acquisition Barcode Copy number
      Andrews Gunj Andrews Gunj 23/06/2011 625.00 LAN 625.00 English Books        
      Central Library Central Library 30/06/2011 625.00 615.53 LAN 625.00 English Books Non-fiction Allied Pub/2951/29.3.11/78/14.3.11/31.3.11 B-430930 1

© Delhi Public Library
Hit Counter
free hit counter